000 01153cam a22003611i 4500
999 _c71664
_d71664
003 BJBSDDR
005 20230410124131.0
007 ta
008 780919s1974 mx a b 000 0 spa
035 _a(OCoLC)ocm01213045
035 _a(OCoLC)1213045
040 _aDLC
_cBJBSDDR
_bspa
041 _aspa
043 _an-mx---
049 _aGRAL
050 1 4 _aN 7914
_bC566a 1974
082 4 _a726.60972
100 1 _aCiancas, María Ester.
245 1 3 _aEl arte en las iglesias de Cholula /
_cMaría Ester Ciancas.
260 _aMéxico :
_bSecretaría de Educación Pública,
_c1974.
300 _a199 p. :
_bill. ;
_c17 cm.
440 0 _aSepSetentas ;
_v165
504 _aBibliography: p. 196-198.
650 0 _aArt
_zMexico
_zCholula de Rivadabia.
650 0 _aChurch architecture
_zMexico
_zCholula de Rivadabia.
650 0 _aChurch buildings
_zMexico
_zCholula de Rivadabia.
650 4 _aArquitectura
_zCholula, Puebla
650 4 _aArte
_zMéxico
_zCholula, Puebla
650 0 _aColección René Villarreal (CRV)
_9760
651 0 _aCholula de Rivadabia (Mexico)
_xBuildings, structures, etc.
942 _2lcc
_cBK
946 _amfcruz